000
00222nam a22000857a 4500
008
170622b xxu||||| |||| 00| 0 eng d
100
_9
3636
_a
Top publication
245
_a
Home science - x
260
_a
Delhi
_b
Top publication
_c
2007
999
_c
7027
_d
7027